=LDR 00000nam 2200000 4500 =001 INLIS000000000032001 =005 20130612134034 =008 ***********************************ind** =035 ##$$0010-061300000032001 =041 ##$$a ind =082 ##$$a 152.4 =090 ##$$a 152.4, Col d =100 ##$$a COLLIN, Robert =245 ##$$a Derleng With Angry People, Rahasia memenangkan emosi seseorang, Robert Collin ; editor, Sofan A =260 ##$$a 2009 $b Jakarta =300 ##$$a x, 240 hlm, 21 cm =650 ##$$a Emosi =700 ##$$a Sofan, A =850 ##$$a NBPNMAT